<?xml version="1.0" encoding="UTF-8"?>
<record
    xmlns:xsi="http://www.w3.org/2001/XMLSchema-instance"
    xsi:schemaLocation="http://www.loc.gov/MARC21/slim http://www.loc.gov/standards/marcxml/schema/MARC21slim.xsd"
    xmlns="http://www.loc.gov/MARC21/slim">

  <leader>00500nam a2200193Ia 4500</leader>
  <controlfield tag="008">230125s9999    xx            000 0 und d</controlfield>
  <datafield tag="020" ind1=" " ind2=" ">
    <subfield code="a">0-07-048324-8</subfield>
  </datafield>
  <datafield tag="041" ind1=" " ind2=" ">
    <subfield code="a">eng</subfield>
  </datafield>
  <datafield tag="082" ind1=" " ind2=" ">
    <subfield code="a">658.3124</subfield>
    <subfield code="b">PAR</subfield>
  </datafield>
  <datafield tag="100" ind1=" " ind2=" ">
    <subfield code="a">Pareek U</subfield>
    <subfield code="9">108953</subfield>
  </datafield>
  <datafield tag="245" ind1=" " ind2=" ">
    <subfield code="a">Training Instruments in HRD and OD</subfield>
  </datafield>
  <datafield tag="250" ind1=" " ind2=" ">
    <subfield code="a">3rd ed</subfield>
  </datafield>
  <datafield tag="260" ind1=" " ind2=" ">
    <subfield code="c">2010</subfield>
    <subfield code="b">Tata McGraw Hill</subfield>
    <subfield code="a">New Delhi</subfield>
  </datafield>
  <datafield tag="300" ind1=" " ind2=" ">
    <subfield code="a">843p</subfield>
  </datafield>
  <datafield tag="500" ind1=" " ind2=" ">
    <subfield code="a">Training</subfield>
  </datafield>
  <datafield tag="650" ind1=" " ind2=" ">
    <subfield code="a">Human Resource Development</subfield>
  </datafield>
  <datafield tag="700" ind1=" " ind2=" ">
    <subfield code="a">Pareek U</subfield>
    <subfield code="9">108953</subfield>
  </datafield>
  <datafield tag="999" ind1=" " ind2=" ">
    <subfield code="c">90957</subfield>
    <subfield code="d">90957</subfield>
  </datafield>
  <datafield tag="952" ind1=" " ind2=" ">
    <subfield code="0">0</subfield>
    <subfield code="1">0</subfield>
    <subfield code="4">0</subfield>
    <subfield code="7">0</subfield>
    <subfield code="a">HIMR</subfield>
    <subfield code="b">HIMR</subfield>
    <subfield code="d">2013-03-30</subfield>
    <subfield code="e">Landmark</subfield>
    <subfield code="g">1200.00</subfield>
    <subfield code="i">2954</subfield>
    <subfield code="l">0</subfield>
    <subfield code="o">658.3124 PAR B11981</subfield>
    <subfield code="p">HIMR-BK-11981</subfield>
    <subfield code="r">2023-01-25 00:00:00</subfield>
    <subfield code="v">1200.00</subfield>
    <subfield code="w">2012-09-08</subfield>
    <subfield code="y">BK</subfield>
    <subfield code="z">B11981</subfield>
  </datafield>
  <datafield tag="952" ind1=" " ind2=" ">
    <subfield code="0">0</subfield>
    <subfield code="1">0</subfield>
    <subfield code="4">0</subfield>
    <subfield code="7">0</subfield>
    <subfield code="a">HIMR</subfield>
    <subfield code="b">HIMR</subfield>
    <subfield code="d">2010-02-17</subfield>
    <subfield code="e">Forward Books</subfield>
    <subfield code="g">1200.00</subfield>
    <subfield code="i">3615</subfield>
    <subfield code="l">4</subfield>
    <subfield code="m">2</subfield>
    <subfield code="o">658.3124 PAR B08401</subfield>
    <subfield code="p">HIMR-BK-8401</subfield>
    <subfield code="r">2026-04-01 11:46:27</subfield>
    <subfield code="s">2026-03-20</subfield>
    <subfield code="v">960.00</subfield>
    <subfield code="w">2010-02-15</subfield>
    <subfield code="y">BK</subfield>
    <subfield code="z">B08401</subfield>
  </datafield>
  <datafield tag="952" ind1=" " ind2=" ">
    <subfield code="0">0</subfield>
    <subfield code="1">0</subfield>
    <subfield code="4">0</subfield>
    <subfield code="7">0</subfield>
    <subfield code="a">HIMR</subfield>
    <subfield code="b">HIMR</subfield>
    <subfield code="d">2006-10-18</subfield>
    <subfield code="e">M-Book Services</subfield>
    <subfield code="g">750.00</subfield>
    <subfield code="i">1343</subfield>
    <subfield code="l">1</subfield>
    <subfield code="o">658.3124 PAR B05590</subfield>
    <subfield code="p">HIMR-BK-5590</subfield>
    <subfield code="r">2024-09-30 00:00:00</subfield>
    <subfield code="s">2024-09-27</subfield>
    <subfield code="v">638.00</subfield>
    <subfield code="w">2006-10-18</subfield>
    <subfield code="y">BK</subfield>
    <subfield code="z">B05590</subfield>
  </datafield>
  <datafield tag="952" ind1=" " ind2=" ">
    <subfield code="0">0</subfield>
    <subfield code="1">0</subfield>
    <subfield code="4">0</subfield>
    <subfield code="7">0</subfield>
    <subfield code="a">HIMR</subfield>
    <subfield code="b">HIMR</subfield>
    <subfield code="d">2003-07-07</subfield>
    <subfield code="e">The write choice</subfield>
    <subfield code="g">750.00</subfield>
    <subfield code="i">67</subfield>
    <subfield code="l">0</subfield>
    <subfield code="o">658.3124 PAR B03492</subfield>
    <subfield code="p">HIMR-BK-3492</subfield>
    <subfield code="r">2023-01-25 00:00:00</subfield>
    <subfield code="v">638.00</subfield>
    <subfield code="w">2003-06-16</subfield>
    <subfield code="y">BK</subfield>
    <subfield code="z">B03492</subfield>
  </datafield>
</record>
